<?xml version="1.0" encoding="UTF-8"?>
<record
    xmlns:xsi="http://www.w3.org/2001/XMLSchema-instance"
    xsi:schemaLocation="http://www.loc.gov/MARC21/slim http://www.loc.gov/standards/marcxml/schema/MARC21slim.xsd"
    xmlns="http://www.loc.gov/MARC21/slim">

  <leader>00607nam a22001337a 4500</leader>
  <datafield tag="040" ind1=" " ind2=" ">
    <subfield code="c">RUA</subfield>
  </datafield>
  <datafield tag="082" ind1=" " ind2=" ">
    <subfield code="a">MGR THO 2024 B1-378 Or.</subfield>
  </datafield>
  <datafield tag="100" ind1=" " ind2=" ">
    <subfield code="a">THO THANAK,&#x1790;&#x17BC; &#x1790;&#x17B6;&#x1793;&#x17C8;</subfield>
  </datafield>
  <datafield tag="245" ind1=" " ind2=" ">
    <subfield code="a">INTERACTION BETWEEN EARLY MATURITY RICE GENOTYPES (Oryza savtiva L.) &amp; WEED MANAGEMENT,&#x17A2;&#x1793;&#x17D2;&#x178F;&#x179A;&#x17A2;&#x17C6;&#x1796;&#x17BE;&#x179A;&#x179C;&#x17B6;&#x1784;&#x17AF;&#x1780;&#x178F;&#x17D2;&#x178F;&#x17C8;&#x179F;&#x17D2;&#x179A;&#x17BC;&#x179C;&#x179F;&#x17D2;&#x179A;&#x17B6;&#x179B; &#x1793;&#x17B7;&#x1784;&#x1780;&#x17B6;&#x179A;&#x1782;&#x17D2;&#x179A;&#x1794;&#x17CB;&#x1782;&#x17D2;&#x179A;&#x1784;&#x179F;&#x17D2;&#x1798;&#x17C5;</subfield>
  </datafield>
  <datafield tag="260" ind1=" " ind2=" ">
    <subfield code="a">phnom penh</subfield>
    <subfield code="b">rua</subfield>
    <subfield code="c">2024</subfield>
  </datafield>
  <datafield tag="300" ind1=" " ind2=" ">
    <subfield code="a">viii.32p.</subfield>
    <subfield code="b">ill.</subfield>
    <subfield code="c">29cm.</subfield>
  </datafield>
  <datafield tag="856" ind1=" " ind2=" ">
    <subfield code="u">https://drive.google.com/file/d/1z_yVXgGzeRhZvnAuuoOZJYKpYgsuSSUU/view?usp=sharing</subfield>
  </datafield>
  <datafield tag="942" ind1=" " ind2=" ">
    <subfield code="c">NRM</subfield>
  </datafield>
  <datafield tag="999" ind1=" " ind2=" ">
    <subfield code="c">24582</subfield>
    <subfield code="d">24582</subfield>
  </datafield>
  <datafield tag="952" ind1=" " ind2=" ">
    <subfield code="0">0</subfield>
    <subfield code="1">0</subfield>
    <subfield code="4">0</subfield>
    <subfield code="6">MGR_THO_2024_000000000000000_B1378_OR</subfield>
    <subfield code="7">0</subfield>
    <subfield code="9">104011</subfield>
    <subfield code="a">LBB</subfield>
    <subfield code="b">LBB</subfield>
    <subfield code="c">B1.378</subfield>
    <subfield code="d">2025-04-18</subfield>
    <subfield code="o">MGR THO 2024 B1-378 Or.</subfield>
    <subfield code="p">a082521</subfield>
    <subfield code="r">2025-04-18</subfield>
    <subfield code="y">NRM</subfield>
  </datafield>
  <datafield tag="952" ind1=" " ind2=" ">
    <subfield code="0">0</subfield>
    <subfield code="1">0</subfield>
    <subfield code="4">0</subfield>
    <subfield code="6">MGR_THO_2024_000000000000000_B1378_OR</subfield>
    <subfield code="7">0</subfield>
    <subfield code="9">104012</subfield>
    <subfield code="a">LBB</subfield>
    <subfield code="b">LBB</subfield>
    <subfield code="c">B1.378</subfield>
    <subfield code="d">2025-04-18</subfield>
    <subfield code="o">MGR THO 2024 B1-378 Or.</subfield>
    <subfield code="p">a082553</subfield>
    <subfield code="r">2025-04-18</subfield>
    <subfield code="y">NRM</subfield>
  </datafield>
</record>
